|
|
|
|
| LEADER |
00982nam a2200229 a 4500 |
| 001 |
4734074 |
| 008 |
121120r19871985enk b 001 0 eng d |
| 010 |
|
|
|a 84028582
|
| 020 |
|
|
|a 0714528439 (pbk.)
|
| 040 |
|
|
|a DLC
|c DLC
|d DLC
|d BD-DhAAL.
|
| 082 |
0 |
0 |
|a 300.72
|2 19
|
| 100 |
1 |
|
|a Kane, Eileen.
|
| 245 |
1 |
0 |
|a Doing your own research :
|b basic descriptive research in the social sciences and humanities /
|c Eileen Kane.
|
| 260 |
|
|
|a London ;
|a New York :
|b M. Boyars ;
|a New York :
|b distributed by Scribner,
|c c1985.
|
| 300 |
|
|
|a 220 p. ;
|c 21 cm.
|
| 504 |
|
|
|a bibliographical references: p. 215-217 and Index.
|
| 541 |
|
|
|e 00003632
|
| 650 |
|
0 |
|a Social sciences
|x Research
|x Methodology.
|
| 650 |
|
0 |
|a Humanities
|x Research
|x Methodology.
|
| 852 |
4 |
|
|a Ayesha Abed Library
|j General shelf.
|
| 999 |
|
|
|c 12959
|d 12959
|
| 952 |
|
|
|0 0
|1 0
|2 ddc
|4 0
|6 300_720000000000000_KAN
|7 0
|9 21430
|a BRACUL
|b BRACUL
|c GEN
|d 2012-11-26
|g 874.50
|l 4
|m 27
|o 300.72 KAN
|p 3010003632
|r 2025-08-12
|s 2025-06-17
|t 1
|w 0000-00-00
|y BK
|x Available
|